Score 0/65 Timer 10:00
8 Plays Today
% Correct
New York Yankees
95.5%
Los Angeles Lakers
92.7%
Tiger Woods
92%
Boston Celtics
90.3%
Pittsburgh Steelers
88%
New England Patriots
86.3%
Dallas Cowboys
85.3%
Boston Red Sox
84.1%
New York Giants
83%
Green Bay Packers
79%
San Francisco 49ers
77.7%
Chicago Bulls
77.5%
Detroit Red Wings
76%
Duke
75.3%
Roger Federer
74.7%
Miami Heat
74.7%
Montreal Canadiens
72.1%
Serena Williams
72.1%
St. Louis Cardinals
71.3%
UCLA
70.8%
Connecticut
68.8%
San Antonio Spurs
68.6%
Connecticut
68.3%
North Carolina
68%
Chicago Blackhawks
67.6%
Los Angeles Dodgers
65.9%
Denver Broncos
65.6%
Pete Sampras
64.8%
Jack Nicklaus
64.5%
Toronto Maple Leafs
62.8%
Pittsburgh Penguins
62.7%
USC
62.4%
USC
62.4%
% Correct
Boston Bruins
61.6%
Alabama
61.3%
Las Vegas Raiders
59.8%
Kentucky
58.5%
Oakland Athletics
57.2%
Notre Dame
56.7%
Detroit Pistons
56.6%
Washington Football Team
56.1%
Ohio State
55.7%
Tennessee
55.3%
Notre Dame
55%
Edmonton Oilers
53.1%
Philadelphia 76ers
51.4%
Oklahoma
49.9%
Miami (FL)
45.1%
San Francisco Giants
42.5%
Novak Djokovic
42.1%
Steffi Graf
41%
Rafael Nadal
37.4%
Golden State Warriors
36.8%
Björn Borg
34.7%
Indiana
34.7%
Martina Navratilova
34.5%
Nebraska
34.2%
Stanford
31.3%
Baylor
28.1%
Ben Hogan
25.9%
Chris Evert
25.4%
Gary Player
24.8%
Margaret Smith Court
12.6%
Walter Hagen
10.5%
Louisiana Tech
10%
Remove Ads.
Support Sporcle.
Get the best of Sporcle when you Go Orange. This ad-free experience offers more features, more stats, and more fun while also helping to support Sporcle. Thank you for becoming a member.

You're not logged in!

Compare scores with friends on all Sporcle quizzes.
OR
Log In

Sporcle TV

Today on Sporcle TV


Watch our educational content, quiz creation guides, and fun videos on Sporcle TV.

Show Comments

Extras

Top Quizzes Today


Score Distribution

Paid Content

Your Account Isn't Verified!

In order to create a playlist on Sporcle, you need to verify the email address you used during registration. Go to your Sporcle Settings to finish the process.

Report this User

Report this user for behavior that violates our Community Guidelines.

Details: